000 00692nam a22002297a 4500
003 UA-OsUOA
001 64165
007 ta
008 20091102b un ||||| |||| 00| 0 ukr d
100 _aПіганович К.
090 _a811.112.2
_bП36
942 _cBK
040 _aUA-OsUOA
_bukr
_cUA-OsUOA
_dUA-OsUOA
245 _aКороткий граматичний довідник з німецької мови для 5-7 класів
300 _a131 с.
955 _a2
041 _aukr
080 _a811.112.2
260 _aК.
_c1950
650 7 _a8 Мовознавство. Художня література. Літературознавство
_2UDC
999 _c350175
_d350175